[Event "Druga liga Srbije grupa Vojvodina 2015"]
[Site "Novi Sad"]
[Date "2015.11.13"]
[Round "4"]
[Board "1"]
[White "Kazakov, Mikhail"]
[Black "Pezelj, Novak"]
[Result "1/2-1/2"]
[WhiteElo "2488"]
[BlackElo "2420"]
[PlyCount "93"]
[EventDate "2015.11.10"]
[EventType "team"]
[EventRounds "9"]
[EventCountry "SRB"]
[WhiteTeam "Naftagas Elemir"]
[BlackTeam "Backa Pacir"]

1. d4 Nf6 2. c4 e6 3. Nc3 Bb4 4. e3 b6 5. Bd3 Bb7 6. Nf3 Ne4 7. O-O f5 8. Qc2
Nxc3 9. bxc3 Bxf3 10. gxf3 Bd6 11. e4 Qh4 12. e5 Be7 13. Kh1 Bg5 14. Bxg5 Qxg5
15. Rg1 Qh6 16. f4 Nc6 17. Rg5 Ne7 18. Qe2 Kf7 19. Qf3 g6 20. d5 Qf8 21. Bc2
Qc8 22. Ba4 a6 23. Rd1 b5 24. Bb3 bxc4 25. Bxc4 Rb8 26. Rgg1 Rb2 27. Bb3 a5 28.
c4 a4 29. Bxa4 Rxa2 30. Bb3 Rb2 31. c5 Qb8 32. Ba4 Qa8 33. Bxd7 Nxd5 34. Ra1
Qb7 35. Rgd1 Rb3 36. c6 Qb5 37. Ra5 Qxa5 38. Qxb3 Ra8 39. Qh3 h5 40. Qg3 Rg8
41. Qg5 Qc5 42. Kg1 Qe7 43. Qh6 Qf8 44. Qg5 Qe7 45. Qh6 Qf8 46. Qg5 Qe7 47. Qh6
 1/2-1/2

[Event "Druga liga Srbije grupa Vojvodina 2015"]
[Site "Novi Sad"]
[Date "2015.11.13"]
[Round "4"]
[Board "2"]
[White "Varga, Zoltan"]
[Black "Ratkovic, Miloje"]
[Result "1/2-1/2"]
[WhiteElo "2447"]
[BlackElo "2388"]
[PlyCount "76"]
[EventDate "2015.11.10"]
[EventType "team"]
[EventRounds "9"]
[EventCountry "SRB"]
[WhiteTeam "Backa Pacir"]
[BlackTeam "Naftagas Elemir"]

1. e4 c6 2. c4 d6 3. d4 Nf6 4. Nc3 Nbd7 5. g4 Nb6 6. g5 Nfd7 7. f4 e5 8. Nf3
exd4 9. Qxd4 Nc5 10. Rg1 Ne6 11. Qd2 Qe7 12. Be2 Bd7 13. f5 Nc5 14. Qd4 O-O-O
15. Bf4 Re8 16. Nd2 h6 17. gxh6 Qh4+ 18. Qf2 Rxh6 19. Bg3 Qf6 20. O-O-O Nba4
21. Qf3 Nxc3 22. bxc3 Na4 23. Nb1 d5 24. cxd5 cxd5 25. Qf4 Bd6 26. Qxd6 Qxd6
27. Bxd6 Rxd6 28. Rxg7 Rxe4 29. Bf3 Re5 30. Rxf7 Rxf5 31. Rxf5 Bxf5 32. Rd4 b5
33. Rxd5 Rxd5 34. Bxd5 Bxb1 35. Be6+ Kd8 36. Kxb1 Nxc3+ 37. Kb2 Nxa2 38. Bxa2
Ke7 1/2-1/2

[Event "Druga liga Srbije grupa Vojvodina 2015"]
[Site "Novi Sad"]
[Date "2015.11.13"]
[Round "4"]
[Board "3"]
[White "Leskur, Dejan"]
[Black "Jesenski, Tibor"]
[Result "1-0"]
[WhiteElo "2376"]
[BlackElo "2341"]
[PlyCount "63"]
[EventDate "2015.11.10"]
[EventType "team"]
[EventRounds "9"]
[EventCountry "SRB"]
[WhiteTeam "Naftagas Elemir"]
[BlackTeam "Backa Pacir"]

1. e4 e5 2. Nf3 Nc6 3. Bb5 a6 4. Ba4 Nf6 5. d3 b5 6. Bb3 d6 7. c3 Be7 8. O-O
O-O 9. Re1 Bb7 10. Nbd2 d5 11. exd5 Nxd5 12. Ne4 f6 13. d4 Kh8 14. dxe5 Nxe5
15. Nxe5 fxe5 16. Qh5 Nf6 17. Nxf6 Rxf6 18. Qxe5 Bd6 (18... Qf8) 19. Qh5 Rg6
20. g3 Qd7 21. Bc2 Qc6 22. f3 Re8 23. Bxg6 Rxe1+ 24. Kf2 Qxf3+ 25. Qxf3 Bxf3
26. Kxe1 hxg6 27. Bf4 Kg8 28. Kf2 Bd5 29. Bxd6 cxd6 30. Rd1 Bxa2 31. Rxd6 a5
32. Rxg6 1-0

[Event "Druga liga Srbije grupa Vojvodina 2015"]
[Site "Novi Sad"]
[Date "2015.11.13"]
[Round "4"]
[Board "4"]
[White "Farkas, Tibor"]
[Black "Popov, Sinisa S"]
[Result "1/2-1/2"]
[WhiteElo "2254"]
[BlackElo "2443"]
[PlyCount "24"]
[EventDate "2015.11.10"]
[EventType "team"]
[EventRounds "9"]
[EventCountry "SRB"]
[WhiteTeam "Backa Pacir"]
[BlackTeam "Naftagas Elemir"]

1. c4 e5 2. Nc3 Nc6 3. g3 g6 4. Bg2 Bg7 5. d3 f5 6. e3 Nf6 7. Nge2 O-O 8. Rb1
a5 9. O-O d6 10. a3 Kh8 11. b4 axb4 12. axb4 e4 1/2-1/2

[Event "Druga liga Srbije grupa Vojvodina 2015"]
[Site "Novi Sad"]
[Date "2015.11.13"]
[Round "4"]
[Board "5"]
[White "Besedes, Danilo"]
[Black "Arbutina, Sinisa"]
[Result "1/2-1/2"]
[WhiteElo "2294"]
[BlackElo "2304"]
[PlyCount "61"]
[EventDate "2015.11.10"]
[EventType "team"]
[EventRounds "9"]
[EventCountry "SRB"]
[WhiteTeam "Naftagas Elemir"]
[BlackTeam "Backa Pacir"]

1. d4 d5 2. c4 e6 3. Nf3 c6 4. e3 Bd6 5. Nbd2 f5 6. Bd3 Nf6 7. Qc2 Nbd7 8. b3
O-O 9. Bb2 Ne4 10. a3 Ndf6 11. Ne5 Bd7 12. f3 Nxd2 13. Qxd2 Rc8 14. b4 Be8 15.
c5 Bc7 16. O-O Nd7 17. Qe2 Bh5 18. Qc2 Nxe5 19. dxe5 Qg5 20. Rae1 Bg6 21. g3
Qe7 22. Bd4 a6 23. Kg2 Rcd8 24. h4 h6 25. Rh1 Bh5 26. Qe2 Qe8 27. Ref1 Rd7 28.
Bb1 Bd8 29. a4 g5 30. hxg5 hxg5 31. Rh2 1/2-1/2

[Event "Druga liga Srbije grupa Vojvodina 2015"]
[Site "Novi Sad"]
[Date "2015.11.13"]
[Round "4"]
[Board "6"]
[White "Vidic, Stevan"]
[Black "Bodiroga, Predrag"]
[Result "1/2-1/2"]
[WhiteElo "2287"]
[BlackElo "2350"]
[PlyCount "165"]
[EventDate "2015.11.10"]
[EventType "team"]
[EventRounds "9"]
[EventCountry "SRB"]
[WhiteTeam "Backa Pacir"]
[BlackTeam "Naftagas Elemir"]

1. d4 Nf6 2. Nf3 d5 3. c4 e6 4. Nc3 c6 5. e3 a6 6. a4 a5 7. Bd3 Be7 8. O-O O-O
9. e4 dxe4 10. Nxe4 Na6 11. Qe2 Nb4 12. Bb1 b6 13. b3 Bb7 14. Rd1 Ra7 15. Nfg5
g6 16. Nf3 Qc8 17. Bg5 Qd8 18. Bh6 Re8 19. Ne5 Nxe4 20. Bxe4 Qc8 21. Rac1 Ba8
22. h3 Bf8 23. Bxf8 Rxf8 24. Bf3 Re7 25. Qb2 f6 26. Ng4 h5 27. Ne3 Kg7 28. c5
Qb8 29. Nc4 b5 30. Nd6 bxa4 31. bxa4 Bb7 32. Be2 Bc8 33. Qd2 Qc7 34. Bc4 Ba6
35. Bxa6 Nxa6 36. Re1 Nb4 37. Re2 Rd8 38. Rce1 Qd7 39. Re3 Rb8 40. Rb1 Rd8 41.
Rg3 Kh7 42. Qe2 Qc7 43. Qe4 Rg8 44. Qf4 Rf8 45. Qe4 Rg8 46. Rf3 Rf8 47. Qh4 Kg7
48. Rg3 Kh7 49. Rbb3 e5 $4 50. Rbf3 (50. Rxg6 $3 Kh8 51. Rbg3 $18) 50... Nd5
51. dxe5 Rxe5 52. Rb3 Nb4 53. Qc4 Qa7 54. Rbc3 Qa6 55. Qd4 Qa7 56. Ne4 Qe7 57.
Rce3 Re6 58. Nd6 Nd5 59. Rb3 Rd8 60. Qd3 Nf4 61. Qa6 Ne2+ 62. Kh2 Nxg3 63. fxg3
Rexd6 64. cxd6 Qxd6 65. Rb7+ Rd7 66. Rxd7+ Qxd7 67. Qxa5 c5 68. Qxc5 Qxa4 69.
Qe7+ Kg8 70. Qxf6 Qe4 71. Qg5 Kh7 72. Qf4 Qe7 73. g4 hxg4 74. Qxg4 Qc7+ 75. Qg3
Qe7 76. Qf4 Kg7 77. h4 Qd7 78. Qg5 Qd6+ 79. g3 Qe6 80. Qd2 Qf5 81. Qf4 Qc2+ 82.
Kh3 Qe2 83. Qb4 {...110} 1/2-1/2

[Event "Druga liga Srbije grupa Vojvodina 2015"]
[Site "Novi Sad"]
[Date "2015.11.13"]
[Round "4"]
[Board "1"]
[White "Indjic, Dusan"]
[Black "Milanovic, Stanko"]
[Result "1/2-1/2"]
[WhiteElo "2281"]
[BlackElo "2178"]
[PlyCount "76"]
[EventDate "2015.11.10"]
[EventType "team"]
[EventRounds "9"]
[EventCountry "SRB"]
[WhiteTeam "Stara Pazova"]
[BlackTeam "Bora Ivkov B.N. Selo"]

1. d4 Nf6 2. Nf3 e6 3. Bg5 h6 4. Bh4 c5 5. e3 d5 6. Nbd2 cxd4 7. exd4 Be7 8.
Bd3 O-O 9. c3 Nc6 10. Qe2 Re8 11. O-O-O b5 12. Bxb5 Qb6 13. Ne5 Bb7 14. Bxf6
Bxf6 15. f4 Bxe5 16. fxe5 Rec8 17. Kb1 Rab8 18. Nb3 Na5 19. Nc5 Bc6 20. Bxc6
Qxc6 21. Ka1 Rb6 22. h4 Rcb8 23. b4 Nb7 24. Rhf1 a5 25. Qf3 axb4 26. Qxf7+ Kh8
27. Qe7 Nxc5 28. Qxc5 bxc3 29. Qxc6 Rxc6 30. Rf2 Rc4 31. Rc2 h5 32. a3 Kh7 33.
Rd3 Rbc8 34. Ka2 Kg6 35. Kb3 Rb8+ 36. Ka2 Rbc8 37. Kb3 Rb8+ 38. Ka2 Rbc8
 1/2-1/2

[Event "Druga liga Srbije grupa Vojvodina 2015"]
[Site "Novi Sad"]
[Date "2015.11.13"]
[Round "4"]
[Board "2"]
[White "Vasic, Lazar"]
[Black "Stamenkovic, Aleksandar"]
[Result "1-0"]
[WhiteElo "2059"]
[BlackElo "2258"]
[PlyCount "57"]
[EventDate "2015.11.10"]
[EventType "team"]
[EventRounds "9"]
[EventCountry "SRB"]
[WhiteTeam "Bora Ivkov B.N. Selo"]
[BlackTeam "Stara Pazova"]

1. e4 c5 2. Nf3 Nc6 3. d4 cxd4 4. Nxd4 Qb6 5. Nb3 Nf6 6. Nc3 e6 7. Be3 Qc7 8.
Nb5 Qb8 9. Bd3 Be7 10. f4 d6 11. c3 a6 12. N5d4 Qc7 13. Qf3 b5 14. Nxc6 Qxc6
15. Nd4 Qc7 16. g4 Bb7 17. g5 Nd7 18. Nb3 Rb8 19. Qh3 d5 20. g6 dxe4 21. gxf7+
Kxf7 22. Be2 Nc5 23. Nxc5 Bc8 24. Nxe4 h6 25. Rg1 b4 26. Qh5+ Kf8 27. Qg6 Rg8
28. Bh5 Bh4+ 29. Rg3 1-0

[Event "Druga liga Srbije grupa Vojvodina 2015"]
[Site "Novi Sad"]
[Date "2015.11.13"]
[Round "4"]
[Board "3"]
[White "Stanojevic, Branko"]
[Black "Mik, Aurel"]
[Result "1/2-1/2"]
[WhiteElo "2229"]
[BlackElo "2062"]
[PlyCount "84"]
[EventDate "2015.11.10"]
[EventType "team"]
[EventRounds "9"]
[EventCountry "SRB"]
[WhiteTeam "Stara Pazova"]
[BlackTeam "Bora Ivkov B.N. Selo"]

1. d4 Nf6 2. g3 d5 3. Bg2 c6 4. Nf3 Bf5 5. Nbd2 e6 6. Nh4 Bg4 7. h3 Bh5 8. g4
Nfd7 9. Nhf3 Bg6 10. c4 Bb4 11. Qb3 Bxd2+ 12. Bxd2 Qb6 13. Qa3 dxc4 14. Rc1 Qa6
15. Qd6 Be4 16. O-O c5 17. dxc5 Qxd6 18. cxd6 Nb6 19. Ne5 Bxg2 20. Kxg2 Nc6 21.
Nxc4 Nxc4 22. Rxc4 Kd7 23. Bc3 f6 24. Rd1 Rac8 25. f4 Rhe8 26. e4 e5 27. f5 Nb8
28. Rb4 b6 29. Rb5 Rc4 30. Kf3 Rec8 31. g5 Na6 32. gxf6 gxf6 33. Rg1 Kxd6 34.
Rd5+ Kc6 35. Rgd1 Kb7 36. Rd7+ R8c7 37. R1d6 Nc5 38. Rxc7+ Kxc7 39. Rxf6 Rxe4
40. b4 Rf4+ 41. Ke3 Re4+ 42. Kf3 Rf4+ 1/2-1/2

[Event "Druga liga Srbije grupa Vojvodina 2015"]
[Site "Novi Sad"]
[Date "2015.11.13"]
[Round "4"]
[Board "4"]
[White "Zegarac, Vuk"]
[Black "Kovacevic, Dragan"]
[Result "1-0"]
[WhiteElo "2143"]
[BlackElo "2265"]
[PlyCount "90"]
[EventDate "2015.11.10"]
[EventType "team"]
[EventRounds "9"]
[EventCountry "SRB"]
[WhiteTeam "Bora Ivkov B.N. Selo"]
[BlackTeam "Stara Pazova"]

1. d4 d6 2. e4 Nf6 3. Nc3 c6 4. f4 Qa5 5. Bd3 e5 6. Nf3 Nbd7 7. O-O Be7 8. Kh1
O-O 9. a3 Qc7 10. Qe1 b5 11. fxe5 dxe5 12. dxe5 Ng4 13. Bf4 Ngxe5 14. Qg3 Bf6
15. Bxb5 cxb5 16. Nd5 Qxc2 17. Nxf6+ Nxf6 18. Bxe5 Ne8 19. Rae1 Qd3 20. Bc3 a5
21. Qf2 Be6 22. Nd4 Ra6 23. Nxe6 Rxe6 24. Bxa5 Nf6 25. e5 Ng4 26. Qf5 Qxf5 27.
Rxf5 Rfe8 28. Bc3 f6 29. h3 Nxe5 30. Bxe5 fxe5 31. Re4 g6 32. Rf3 Rd6 33. Rb3
Rd5 34. Reb4 e4 35. Re3 Rde5 36. Kg1 Kf7 37. Kf2 Kf6 38. Reb3 Rc5 39. Ke3 Rg5
40. g4 h5 41. Rxb5 hxg4 42. Rxg5 Kxg5 43. hxg4 Kxg4 44. a4 Kg3 45. a5 Re5 {...
48} 1-0

[Event "Druga liga Srbije grupa Vojvodina 2015"]
[Site "Novi Sad"]
[Date "2015.11.13"]
[Round "4"]
[Board "6"]
[White "Petrovic, Vladan"]
[Black "Skoko, Milan"]
[Result "1-0"]
[WhiteElo "1960"]
[BlackElo "2169"]
[PlyCount "44"]
[EventDate "2015.11.10"]
[EventType "team"]
[EventRounds "9"]
[EventCountry "SRB"]
[WhiteTeam "Bora Ivkov B.N. Selo"]
[BlackTeam "Stara Pazova"]

1. e4 c5 2. c3 e6 3. Nf3 d5 4. exd5 exd5 5. Bb5+ Bd7 6. Bxd7+ Qxd7 7. O-O Bd6
8. Re1+ Ne7 9. d4 Nbc6 10. dxc5 Bxc5 11. Bf4 O-O 12. Nbd2 Rad8 13. Nb3 Bb6 14.
Qd3 Qg4 15. Be3 Ng6 16. h3 Qc8 17. Bxb6 axb6 18. Rad1 Qc7 19. Nbd4 Nce5 20.
Nxe5 Nxe5 21. Qg3 f6 22. Ne6 Qd6 1-0

[Event "Druga liga Srbije grupa Vojvodina 2015"]
[Site "Novi Sad"]
[Date "2015.11.13"]
[Round "4"]
[Board "1"]
[White "Almasi, Istvan"]
[Black "Popovic, Milan S"]
[Result "1-0"]
[WhiteElo "2433"]
[BlackElo "2221"]
[PlyCount "57"]
[EventDate "2015.11.10"]
[EventType "team"]
[EventRounds "9"]
[EventCountry "SRB"]
[WhiteTeam "Somborski sahovski klub"]
[BlackTeam "Kraljica Petrovaradin"]

1. d4 d6 2. Nf3 Nf6 3. Bf4 g6 4. e3 Bg7 5. h3 O-O 6. Be2 Nfd7 7. c4 e5 8. Bg3
Nc6 9. Nc3 f5 10. Bh4 Bf6 11. Bxf6 Nxf6 12. O-O e4 13. Nd2 Ne7 14. Qb3 c6 15.
f3 exf3 16. Bxf3 Kg7 17. Rae1 d5 18. cxd5 cxd5 19. Rc1 g5 20. Nb5 Nc6 21. Qa3
a6 22. Nd6 Ne8 23. Nxc8 Rxc8 24. Qb3 Rc7 25. Qxd5 Qe7 26. Qb3 Nf6 27. Bxc6 bxc6
28. Rxf5 Nd5 29. Re5 1-0

[Event "Druga liga Srbije grupa Vojvodina 2015"]
[Site "Novi Sad"]
[Date "2015.11.13"]
[Round "4"]
[Board "2"]
[White "Parezanin, Darko"]
[Black "Tancik, Kristijan"]
[Result "1/2-1/2"]
[WhiteElo "2290"]
[BlackElo "2272"]
[PlyCount "37"]
[EventDate "2015.11.10"]
[EventType "team"]
[EventRounds "9"]
[EventCountry "SRB"]
[WhiteTeam "Kraljica Petrovaradin"]
[BlackTeam "Somborski sahovski klub"]

1. e4 c5 2. Nf3 d6 3. c3 Nf6 4. h3 Nc6 5. Bd3 d5 6. e5 Nd7 7. Bb5 Qb6 8. Qe2 c4
9. Ba4 Nc5 10. Bc2 g6 11. d4 cxd3 12. Bxd3 Bg7 13. O-O Nxd3 14. Qxd3 Nxe5 15.
Nxe5 Bxe5 16. Qxd5 Bg7 17. a4 O-O 18. a5 Qc7 19. Na3 1/2-1/2

[Event "Druga liga Srbije grupa Vojvodina 2015"]
[Site "Novi Sad"]
[Date "2015.11.13"]
[Round "4"]
[Board "3"]
[White "Bulajic, Ratko"]
[Black "Desnica, Vladan"]
[Result "1-0"]
[WhiteElo "2325"]
[BlackElo "2269"]
[PlyCount "67"]
[EventDate "2015.11.10"]
[EventType "team"]
[EventRounds "9"]
[EventCountry "SRB"]
[WhiteTeam "Somborski sahovski klub"]
[BlackTeam "Kraljica Petrovaradin"]

1. d4 Nf6 2. c4 e6 3. Nf3 d5 4. Qc2 Be7 5. Nbd2 Nc6 6. e3 Nb4 7. Qb1 dxc4 8.
Nxc4 c5 9. dxc5 Bxc5 10. a3 Nbd5 11. b4 Be7 12. Bd3 Bd7 13. Bb2 O-O 14. O-O Rc8
15. Rc1 h6 16. Nfe5 Bb5 17. Bd4 b6 18. Nb2 Rxc1+ 19. Qxc1 Bxd3 20. Nbxd3 Bd6
21. Qc6 Qc7 22. Rc1 Rc8 23. f3 Ne7 24. Qxc7 Rxc7 25. Rxc7 Bxc7 26. e4 a6 27. a4
Ne8 28. Nd7 Nc8 29. e5 Bd8 30. Nb8 b5 31. a5 Nc7 32. Bb6 Nxb6 33. axb6 Na8 34.
b7 1-0

[Event "Druga liga Srbije grupa Vojvodina 2015"]
[Site "Novi Sad"]
[Date "2015.11.13"]
[Round "4"]
[Board "4"]
[White "Banovic, Ivan"]
[Black "Dekic, Josip"]
[Result "1/2-1/2"]
[WhiteElo "2185"]
[BlackElo "2270"]
[PlyCount "48"]
[EventDate "2015.11.10"]
[EventType "team"]
[EventRounds "9"]
[EventCountry "SRB"]
[WhiteTeam "Kraljica Petrovaradin"]
[BlackTeam "Somborski sahovski klub"]

1. Nf3 Nf6 2. c4 g6 3. Nc3 c5 4. d4 cxd4 5. Nxd4 Bg7 6. e4 d6 7. Be2 Nc6 8. Be3
O-O 9. O-O Bd7 10. f3 Nxd4 11. Bxd4 Nh5 12. Bxg7 Nxg7 13. Qd2 Bc6 14. Kh1 Qb6
15. Nd5 Bxd5 16. exd5 Rfe8 17. Rfe1 e5 18. dxe6 Rxe6 19. Bd3 Rae8 20. Re4 Nh5
21. Rae1 Rxe4 22. Rxe4 Rxe4 23. Bxe4 Nf6 24. b3 Nxe4 1/2-1/2

[Event "Druga liga Srbije grupa Vojvodina 2015"]
[Site "Novi Sad"]
[Date "2015.11.13"]
[Round "4"]
[Board "5"]
[White "Tokovic, Svetozar"]
[Black "Remecki, Sinisa"]
[Result "1/2-1/2"]
[WhiteElo "2254"]
[BlackElo "2206"]
[PlyCount "32"]
[EventDate "2015.11.10"]
[EventType "team"]
[EventRounds "9"]
[EventCountry "SRB"]
[WhiteTeam "Somborski sahovski klub"]
[BlackTeam "Kraljica Petrovaradin"]

1. e4 c5 2. Nf3 e6 3. d3 Nc6 4. g3 d6 5. Bg2 Nf6 6. O-O Be7 7. Qe2 O-O 8. e5
Nxe5 9. Nxe5 dxe5 10. Qxe5 Nd5 11. Qe2 Rb8 12. Nc3 Nxc3 13. bxc3 b6 14. Bf4 Bd6
15. Bxd6 Qxd6 16. c4 Bb7 1/2-1/2

[Event "Druga liga Srbije grupa Vojvodina 2015"]
[Site "Novi Sad"]
[Date "2015.11.13"]
[Round "4"]
[Board "6"]
[White "Topalov, Aleksandar"]
[Black "Strangar, Zlatko"]
[Result "1-0"]
[WhiteElo "2251"]
[BlackElo "2246"]
[PlyCount "56"]
[EventDate "2015.11.10"]
[EventType "team"]
[EventRounds "9"]
[EventCountry "SRB"]
[WhiteTeam "Kraljica Petrovaradin"]
[BlackTeam "Somborski sahovski klub"]

1. b3 d5 2. Bb2 Nf6 3. Nf3 Bf5 4. g3 e6 5. Bg2 Bd6 6. O-O Nbd7 7. d3 h6 8. Nbd2
e5 9. Nh4 Bh7 10. e4 dxe4 11. dxe4 O-O 12. Nf5 Bc5 13. Nc4 Re8 14. Qf3 Bf8 15.
Rad1 Qc8 16. Bh3 b5 17. Nce3 Qb7 18. Nxh6+ gxh6 19. Bxd7 Nxd7 20. Rxd7 Bg6 21.
Nd5 Bd6 22. h4 h5 23. Nf6+ Kf8 24. Nxh5 Re6 25. Nf4 Qxe4 26. Qxe4 Bxe4 27.
Nxe6+ fxe6 28. Re1 Bc6 {dalje necitko..} 1-0

[Event "Druga liga Srbije grupa Vojvodina 2015"]
[Site "Novi Sad"]
[Date "2015.11.13"]
[Round "4"]
[Board "1"]
[White "Jacimovic, Dragoljub"]
[Black "Jovanovic, Slobodan E"]
[Result "1-0"]
[WhiteElo "2409"]
[BlackElo "1898"]
[PlyCount "47"]
[EventDate "2015.11.10"]
[EventType "team"]
[EventRounds "9"]
[EventCountry "SRB"]
[WhiteTeam "Omladinac Novi Banovci"]
[BlackTeam "Banovci Dunav"]

1. d4 Nf6 2. c4 e6 3. Nc3 d5 4. cxd5 exd5 5. Bg5 Be7 6. e3 c6 7. Qc2 O-O 8. Bd3
h6 9. Bh4 Re8 10. Nf3 Nbd7 11. Bg3 Nh5 12. Be5 Bf8 13. O-O-O Nhf6 14. h3 Qa5
15. Kb1 b5 16. g4 b4 17. g5 hxg5 18. Nxg5 g6 19. Bxg6 Rxe5 20. Bh7+ Kg7 21.
dxe5 Nxe5 22. Rhg1 Kh8 23. f4 bxc3 24. fxe5 1-0

[Event "Druga liga Srbije grupa Vojvodina 2015"]
[Site "Novi Sad"]
[Date "2015.11.13"]
[Round "4"]
[Board "2"]
[White "Ivic, Velimir"]
[Black "Vlahovic, Bogdan"]
[Result "1/2-1/2"]
[WhiteElo "2268"]
[BlackElo "2321"]
[PlyCount "78"]
[EventDate "2015.11.10"]
[EventType "team"]
[EventRounds "9"]
[EventCountry "SRB"]
[WhiteTeam "Banovci Dunav"]
[BlackTeam "Omladinac Novi Banovci"]

1. e4 e6 2. d4 d5 3. Nc3 Bb4 4. Nge2 dxe4 5. a3 Bxc3+ 6. Nxc3 f5 7. f3 Nf6 8.
fxe4 fxe4 9. Bg5 O-O 10. Nxe4 Nbd7 11. Bd3 Qe8 12. Nxf6+ Nxf6 13. Qe2 Qh5 14.
Qxh5 Nxh5 15. O-O-O Nf6 16. Rhf1 Bd7 17. Bf4 Nd5 18. Be5 c6 19. Kd2 Ne7 20. Bd6
Rxf1 21. Rxf1 Nf5 22. Be5 Rd8 23. g4 Nh6 24. h3 Be8 25. Bc4 Bd7 26. Ke3 Nf7 27.
Bg3 Rf8 28. Bd3 g6 29. Be4 Ng5 30. Rxf8+ Kxf8 31. Bg2 Nf7 32. Bb8 a6 33. c4 Ke7
34. Be4 Ng5 35. Bg2 Nf7 36. b3 Kf6 37. Kf4 h6 38. Be5+ Nxe5 39. dxe5+ Ke7
 1/2-1/2

[Event "Druga liga Srbije grupa Vojvodina 2015"]
[Site "Novi Sad"]
[Date "2015.11.13"]
[Round "4"]
[Board "3"]
[White "Radlovacki, Jovan"]
[Black "Azaric, Slavko"]
[Result "1/2-1/2"]
[WhiteElo "2381"]
[BlackElo "2336"]
[PlyCount "22"]
[EventDate "2015.11.10"]
[EventType "team"]
[EventRounds "9"]
[EventCountry "SRB"]
[WhiteTeam "Omladinac Novi Banovci"]
[BlackTeam "Banovci Dunav"]

1. e4 e5 2. Nf3 Nc6 3. Bb5 a6 4. Ba4 Nge7 5. O-O g6 6. c3 Bg7 7. Re1 O-O 8. d3
b5 9. Bb3 Bb7 10. Be3 Na5 11. Bc2 d5 1/2-1/2

[Event "Druga liga Srbije grupa Vojvodina 2015"]
[Site "Novi Sad"]
[Date "2015.11.13"]
[Round "4"]
[Board "4"]
[White "Mastrapovic, Vladimir"]
[Black "Marinovic, Bozidar"]
[Result "0-1"]
[WhiteElo "2288"]
[BlackElo "2391"]
[PlyCount "70"]
[EventDate "2015.11.10"]
[EventType "team"]
[EventRounds "9"]
[EventCountry "SRB"]
[WhiteTeam "Banovci Dunav"]
[BlackTeam "Omladinac Novi Banovci"]

1. e4 c5 2. Nf3 d6 3. d4 cxd4 4. Nxd4 Nf6 5. Nc3 a6 6. Be3 e5 7. Nf3 h6 8. Bc4
Be7 9. O-O O-O 10. Re1 Be6 11. Bxe6 fxe6 12. Qd3 Qc7 13. Na4 Nbd7 14. Qb3 Kf7
15. c4 Rac8 16. Rac1 Qb8 17. Qd3 b5 18. cxb5 Qxb5 19. Qd1 Nxe4 20. Bxh6 Nxf2
21. Qd2 Ng4 22. Nc3 Rxc3 23. Rxc3 Nxh6 24. Ng5+ Bxg5 25. Qxg5 Kg8 26. Qg6 Rf6
27. Qe8+ Kh7 28. Rf3 Rxf3 29. gxf3 Qb6+ 30. Kf1 Nc5 31. Re2 Qb4 32. Qf8 Nd3 33.
Qa8 d5 34. Qxa6 Nf4 35. Rc2 Nf5 0-1

[Event "Druga liga Srbije grupa Vojvodina 2015"]
[Site "Novi Sad"]
[Date "2015.11.13"]
[Round "4"]
[Board "5"]
[White "Drazic, Sinisa"]
[Black "Grcic, Vukasin"]
[Result "1-0"]
[WhiteElo "2426"]
[BlackElo "1964"]
[PlyCount "71"]
[EventDate "2015.11.10"]
[EventType "team"]
[EventRounds "9"]
[EventCountry "SRB"]
[WhiteTeam "Omladinac Novi Banovci"]
[BlackTeam "Banovci Dunav"]

1. c4 Nf6 2. Nc3 e5 3. Nf3 Nc6 4. g3 Bc5 5. Bg2 d6 6. O-O O-O 7. d3 h6 8. a3 a5
9. e3 Bg4 10. h3 Bh5 11. Qc2 Bg6 12. Nd2 Nd7 13. Rb1 f5 14. Nd5 f4 15. b4 fxe3
16. fxe3 axb4 17. Rxf8+ Nxf8 18. axb4 Ba7 19. b5 Ne7 20. b6 Bxb6 21. Nxb6 cxb6
22. Bxb7 Rb8 23. Bg2 Ne6 24. Ne4 Nc5 25. Ba3 Nxe4 26. dxe4 Qc7 27. Qd3 Rd8 28.
Qb3 Bf7 29. Qxb6 Qxb6 30. Rxb6 Bxc4 31. Bxd6 Nc8 32. Rb8 Kf7 33. Bxe5 Rd1+ 34.
Kh2 Rd2 35. Rb2 Rd3 36. Bf1 1-0

[Event "Druga liga Srbije grupa Vojvodina 2015"]
[Site "Novi Sad"]
[Date "2015.11.13"]
[Round "4"]
[Board "6"]
[White "Stankovic, Milos M"]
[Black "Jovic, Stevan"]
[Result "1/2-1/2"]
[WhiteElo "1823"]
[BlackElo "2156"]
[PlyCount "38"]
[EventDate "2015.11.10"]
[EventType "team"]
[EventRounds "9"]
[EventCountry "SRB"]
[WhiteTeam "Banovci Dunav"]
[BlackTeam "Omladinac Novi Banovci"]

1. d4 d5 2. c4 c6 3. Nc3 Nf6 4. cxd5 cxd5 5. Bf4 e6 6. e3 Be7 7. Nf3 O-O 8. Bd3
Nc6 9. O-O Nh5 10. Bg3 f5 11. Ne5 Nxg3 12. Nxc6 bxc6 13. hxg3 c5 14. dxc5 Bxc5
15. Qf3 Bd7 16. Nxd5 Rc8 17. Nc3 Bc6 18. Qe2 e5 19. Rad1 Qg5 1/2-1/2

[Event "Druga liga Srbije grupa Vojvodina 2015"]
[Site "Novi Sad"]
[Date "2015.11.13"]
[Round "4"]
[Board "2"]
[White "Kokeza, Mirko"]
[Black "Grujic, Zoran"]
[Result "1/2-1/2"]
[WhiteElo "2253"]
[BlackElo "2323"]
[PlyCount "21"]
[EventDate "2015.11.10"]
[EventType "team"]
[EventRounds "9"]
[EventCountry "SRB"]
[WhiteTeam "Hajduk 1973 Beska"]
[BlackTeam "Vojvodina Novi Sad"]

1. e4 e5 2. Nf3 Nc6 3. Bb5 Nge7 4. O-O g6 5. c3 d6 6. d4 Bd7 7. Bg5 Bg7 8. Bxc6
Bxc6 9. d5 Bd7 10. c4 O-O 11. Nc3 1/2-1/2

[Event "Druga liga Srbije grupa Vojvodina 2015"]
[Site "Novi Sad"]
[Date "2015.11.13"]
[Round "4"]
[Board "3"]
[White "Savanovic, Vuk"]
[Black "Majstorovic, Stanko"]
[Result "1-0"]
[WhiteElo "2279"]
[BlackElo "2218"]
[PlyCount "81"]
[EventDate "2015.11.10"]
[EventType "team"]
[EventRounds "9"]
[EventCountry "SRB"]
[WhiteTeam "Vojvodina Novi Sad"]
[BlackTeam "Hajduk 1973 Beska"]

1. e4 e5 2. Nf3 Nc6 3. Bc4 Nf6 4. d4 Nxe4 5. dxe5 Nc5 6. O-O Be7 7. Nc3 O-O 8.
Nd5 Ne6 9. Nxe7+ Qxe7 10. b3 b6 11. a4 Na5 12. Ba3 c5 13. Bd5 Bb7 14. Bxb7 Nxb7
15. Qd5 d6 16. Rfe1 Rfd8 17. Bb2 Rd7 18. exd6 Qxd6 19. Qh5 Nf4 20. Qg4 Ng6 21.
h4 Rad8 22. h5 Qf4 23. Re8+ Rxe8 24. Qxd7 Re7 25. Qc8+ Nf8 26. Rd1 Qc7 27. Qg4
Ne6 28. Be5 Qc6 29. h6 g6 30. Qh4 Rd7 31. Rxd7 Qxd7 32. Qf6 Kf8 33. Qh8+ Ke7
34. Bf6+ Kd6 35. Qb8+ Nc7 36. Qxb7 Nd5 37. Be5+ Ke7 38. Qxd7+ Kxd7 39. Ng5 f6
40. Nxh7 fxe5 41. Nf8+ 1-0